| 000 | 00696cam a22002531 4500 | ||
|---|---|---|---|
| 001 | sa 65000473 | ||
| 003 | DLC | ||
| 005 | 20260227112103.0 | ||
| 008 | 850612s1955 bg ab f000 0 eng | ||
| 010 | _asa 65000473 | ||
| 025 | _aPL480:EP-E-240 | ||
| 035 | _a(OCoLC)12149521 | ||
| 040 |
_aDLC _cHU _dDLC |
||
| 042 | _apremarc | ||
| 043 | _aa-bg--- | ||
| 050 | 0 | 0 |
_aSH300.P3 _bA6 |
| 100 | 1 |
_aAhmad, Nazir, _d1910- |
|
| 245 | 1 | 0 | _aFish wealth of East Pakistan. |
| 260 |
_a[Dacca, _bPublic Relations Dept., Govt. of East Bengal, _c1955] |
||
| 300 |
_a25 p. _billus., fold map. _c25 cm. |
||
| 500 | _aCover title. | ||
| 650 | 0 |
_aFisheries _zBangladesh. |
|
| 650 | 0 |
_aFish culture _zBangladesh. |
|
| 999 |
_c61567 _d61567 |
||